| 000 | 00320nam a22001217a 4500 | ||
|---|---|---|---|
| 020 | _a978-93-5548-108-5 | ||
| 082 | _a823/JEN | ||
| 100 |
_aJena.Mona lisa _983953 |
||
| 245 | _aFolktales from odisha when ravens speak and horses fly | ||
| 260 |
_aNew delhi _bSahitya akademi _c2025 |
||
| 650 | _aShort stories | ||
| 942 | _cBK | ||
| 999 |
_c68968 _d68968 |
||